Europe and the United States Competition and Cooperation in the 1990s

Salvato in:
Dettagli Bibliografici
Altri autori: Harrison, Glennon J.
Natura: Libro
Lingua:inglese
Pubblicazione: Armonk M.E. Sharpe 1994
Edizione:1. ed.
Soggetti:
Tags: Aggiungi Tag
Nessun Tag, puoi essere il primo ad aggiungerne!!

MARC

LEADER 00000nam a2200000 4500
001 c019636
005 20221205140501.6
020 |a 1-56324-342-3 
041 0 |a eng 
044 |a US 
245 1 0 |a Europe and the United States  |b Competition and Cooperation in the 1990s  |c Edit. Glennon J. Harrison 
250 |a 1. ed. 
264 1 |a Armonk  |b M.E. Sharpe  |c 1994 
300 |a 419 s. 
610 2 0 |a hospodárstvo svetové 
610 2 0 |a Európa 
610 2 0 |a USA 
610 2 0 |a spolupráca hospodárska medzinárodná 
610 2 0 |a konkurencia medzinárodná 
610 2 0 |a Európska únia 
610 2 0 |a trh medzinárodný 
610 2 0 |a trh spoločný 
610 2 0 |a trh svetový 
610 2 0 |a politika hospodárska medzinárodná 
610 2 0 |a politika medzinárodná 
610 2 0 |a politika zahraničnohospodárska 
700 1 |a Harrison, Glennon J.